Métiers de célébrités - Statistiques

Statistiques générales
  • Ce quiz a été pris 997 fois
  • Le résultat moyen est 14 sur 20
Statistiques - réponses
Célébrités Métier % Correct
Pablo Picasso, Vincent Van Gogh, Claude Monet Peintre
100%
Emile Zola, Stephen King, Victor Hugo Écrivain
97%
Booba, Eminem, Jul Rappeur
94%
Pelé, Zinédine Zidane, Lionel Messi Footballeur
92%
Mike Tyson, Mohamed Ali, Marcel Cerdan Boxeur
88%
David Guetta, Martin Garrix, Martin Solveig DJ
87%
Adolf Hitler, Joseph Staline, Kim Jong Il Dictateur
86%
Ludwig van Beethoven, Mozart, Giuseppe Verdi Compositeur
85%
Neil Armstrong, Sally Ride, Yuri Gagarin Astronaute
84%
Paul Bocuse, Auguste Escoffier, Philippe Etchebest Cuisinier
83%
Benoît XVI, Jean-Paul II, François Pape
72%
Auguste Rodin, Michel-Ange, Louise Bourgeois Sculpteur
66%
Elise Lucet, Laurent Delahousse, Anne-Sophie Lapix Journaliste
63%
Ray Charles, Glenn Gould, Lang Lang Pianiste
57%
David Copperfield, Harry Houdini, David Blaine Magicien
54%
Robert Badinter, ‎Éric Dupond-Moretti, Henri Leclerc Avocat
53%
Al Capone, Vito Genovese, John Dillinger Gangster
52%
Frank Gehry, Le Corbusier, Zaha Hadid Architecte
44%
Pierre Clostermann, Amelia Earhart, Douglas Bader Aviateur
24%
Marc Bloch, Jean-Paul Bertaud, Jacques Le Goff Historien
9%
Aucun quiz correspondant
Distribution des résultats
% des personnes avec chaque résultat
Percentile par nombre de réponses
Votre historique - résultats
Vous n’avez pas pris ce quiz